Rendezvényszervezés az Abacus Hotelben

Bibliographic Details
Main Author: Rück Noémi
Other Authors: Schablik Dr. Vilmos
Format: Project work
Kulcsszavak:Abacus
Rendezvényszervezés
Értékesítés
Online Access:http://dolgozattar.uni-bge.hu/12064

MARC

LEADER 00000nnm a2200000 i 4500
001 dolg12064
005 20170620104904.0
008 170517suuuu hu o 000 hun d
040 |a BGE Dolgozattár Repozitórium  |b hun 
041 |a hu 
100 1 |a Rück Noémi 
245 1 0 |a Rendezvényszervezés az Abacus Hotelben  |c Rück Noémi  |h [elektronikus dokumentum] 
246 1 1 |a Rendezvényszervezés az Abacus Hotelben 
516 |a Project_work 
695 |a Abacus 
695 |a Rendezvényszervezés 
695 |a Értékesítés 
700 1 |a Schablik Dr. Vilmos  |e ths 
856 4 0 |u http://dolgozattar.uni-bge.hu/12064/1/Rendezv%C3%A9nyszervez%C3%A9s%20az%20Abacus%20Hotelben.pdf  |z Dokumentum-elérés